| 000 | 00366 a2200133 4500 | ||
|---|---|---|---|
| 001 | 91541 | ||
| 082 | _aPR 1500 | ||
| 090 |
_c43680 _d43679 |
||
| 100 | _aAwais Munawar Qureshi; Prof Shakeel Alvi and Salman, Advisors | ||
| 245 |
_aUpgradation of CD and CW Receivers _n56 "B" EC |
||
| 260 |
_aRawalpindi _bNUST _c2002 |
||
| 300 | _a100p | ||
| 500 | _aBE Project Reports | ||
| 942 |
_aCAE NUST _kPR 1500 |
||
| 999 |
_c326614 _d326614 |
||